| 000 | 00792cab a2200217 4500 | ||
|---|---|---|---|
| 001 | WB2945-25 | ||
| 008 | 090401t1993 xxu||||| |||| 00| 0 eng d | ||
| 035 | _a(Sirsi) u35679 | ||
| 041 | _aeng | ||
| 245 | _aRICS reaction to November 1993 Budget | ||
| 260 | _c1993 | ||
| 350 | _a0 | ||
| 490 |
_aRICS Press Release _v(PR234.93corp) 30 November 1993 (2) |
||
| 520 | _aReduction in mortgage interest tax relief from 20% to 15% in April 1995 will have no effect on the housing market according to the RICS. Notes that Budget measures offer little encouragement to the construction industry. | ||
| 650 | _aBUDGET 1993 | ||
| 650 | _aCONSTRUCTION INDUSTRY | ||
| 650 | _aMORTGAGE INTEREST RELIEF | ||
| 690 | _aPROPERTY-PROPERTY FINANCE AND INVESTMENT | ||
| 942 | _n0 | ||
| 948 | _c04/03/1997 | ||
| 999 |
_c23337 _d23337 |
||